书目信息 |
| 题名: |
史鉴录
|
|
| 作者: | ;《史鉴录》编写组 编著 | |
| 分册: | 隋-五代十国 | |
| 出版信息: | 北京 中国言实出版社 2016 |
|
| 页数: | 142页 | |
| 开本: | 21cm | |
| 丛书名: | ||
| 单 册: | ||
| 中图分类: | K209 , K241.09 | |
| 科图分类: | ||
| 主题词: | 中国历史--zhong guo li shi--通俗读物 , 隋代--sui dai--历史--通俗读物 , 五代十国时期--wu dai shi guo shi qi--历史--通俗读物 | |
| 电子资源: | ||
| ISBN: | 978-7-5171-1579-3 | |
| 000 | 00873nam0 22002651 450 | |
| 001 | 0109172524 | |
| 005 | 20170309172524.0 | |
| 010 | @a978-7-5171-1579-3@dCNY22.00 | |
| 100 | @a20160322d2016 em y0chiy50 ea | |
| 101 | 0 | @achi |
| 102 | @aCN@b110000 | |
| 105 | @ay z 000yy | |
| 106 | @ar | |
| 200 | 1 | @a史鉴录@9shi jian lu@i隋-五代十国@f本书编写组编著 |
| 210 | @a北京@c中国言实出版社@d2016 | |
| 215 | @a142页@d21cm | |
| 330 | @a本书内容包括:杨坚大索貌阅,赵绰搓龙威,辛公义散财,好大喜功的隋炀帝,李渊施行租庸调制等。 | |
| 606 | 0 | @a中国历史@9zhong guo li shi@j通俗读物 |
| 606 | 0 | @a隋代@9sui dai@x历史@j通俗读物 |
| 606 | 0 | @a五代十国时期@9wu dai shi guo shi qi@x历史@j通俗读物 |
| 690 | @aK209@v5 | |
| 690 | @aK241.09@v5 | |
| 711 | 02 | @a《史鉴录》编写组@9shi jian lu bian xie zu@4编著 |
| 801 | 0 | @aCN@bTANGWEI@c20170308 |
| 905 | @b0954276-8@dK209@e59@f3 | |
| 史鉴录.隋-五代十国/本书编写组编著.-北京:中国言实出版社,2016 |
| 142页;21cm |
| ISBN 978-7-5171-1579-3:CNY22.00 |
| 本书内容包括:杨坚大索貌阅,赵绰搓龙威,辛公义散财,好大喜功的隋炀帝,李渊施行租庸调制等。 |
| ● |
| 相关链接 |
|
|
|
|
正题名:史鉴录
索取号:K209/59
 
预约/预借
| 序号 | 登录号 | 条形码 | 馆藏地/架位号 | 状态 | 备注 |
| 1 | 0954276 | 209542761 | 第二样本阅览室/ [索取号:K209/59] | 在馆 | |
| 2 | 0954277 | 209542770 | 第二借阅区/ [索取号:K209/59] | 在馆 | |
| 3 | 0954278 | 209542789 | 第二借阅区/ [索取号:K209/59] | 在馆 |